| 000 | 00485nam a22001697a 4500 | ||
|---|---|---|---|
| 005 | 20170916105752.0 | ||
| 008 | 170916b xxu||||| |||| 00| 0 eng d | ||
| 020 | _a9780199297054 | ||
| 040 | _cPK-LaUMT | ||
| 082 |
_a305.8924042 _bJUL-T |
||
| 100 | _aJulius, Anthony | ||
| 245 |
_aTrials of the diaspora : _ba history of anti-semitism in England / _cAnthony Julius |
||
| 260 |
_aOxford : _bOxford University Press, _c2010 |
||
| 300 | _a811 p. | ||
| 650 | _aJews-England | ||
| 942 | _cBK | ||
| 999 |
_c98205 _d98205 |
||